00330nam a2200133Ia 4500003000400000008004100004040001600045082001900061100002300080245003300103260004300136300000700179650001000186GCL140319s9999 xx 000 0 eng d aGCL / cGCL04aCHb028.5bL B1 aLIBRAIRIE DU LIBAN10aTREES / cLIBRAIRIE DU LIBAN a[S.N] : bLIBRAIRIE DU LIBAN ، c1991 a3204aTREES